000 00587nam a2200169Ia 4500
008 220204s9999 xx 000 0 und d
020 _a1845424441
082 _a338.43:339.172
_bSAR
100 _aHallam, D
245 0 _aAgricultural commodity markets and trade: New approaches to analyzing market structure and instability
260 _aUN
_bFood and Agriculture Organization of the United Nations;2006
650 _aCommodity prices forecasting
650 _aCommodity prices volatility
650 _aInternational commodity prices
700 _aSarris, Alexander
942 _cBK
999 _c42704
_d42704